000
00317nam a2200109Ia 4500
008
200302s9999 xx 000 0 und d
100
_a
Gina Tsarouhas Ed.
245
_a
Morphgenesis the master architect series/ the Indian perspective the global context
260
_b
Images Publishing
260
_c
2016
300
_a
221
999
_c
6242
_d
6242